[Event "Trapiche Alagoano op 49th"]
[Site "Trapiche"]
[Date "2023.12.16"]
[Round "3"]
[White "Felix Junior, Marcelo Jose"]
[Black "Leite, Lucas Ferreira"]
[Result "1-0"]
[WhiteElo "2128"]
[BlackElo "1800"]
[PlyCount "39"]
[EventDate "2023.12.15"]
[EventType "swiss"]
[EventRounds "6"]
[EventCountry "BRA"]
[SourceTitle "CB51_2023"]
[SourceDate "2023.12.20"]
[SourceVersion "1"]
[SourceVersionDate "2023.12.20"]
[SourceQuality "1"]

1. c4 e5 2. e3 Nf6 3. d4 exd4 4. exd4 Bb4+ 5. Nc3 0-0 6. Bd3 d5 7. a3 dxc4 8. Bxc4 Ba5 9. Nge2 a6 10. Bg5 b5 11. Ba2 h6 12. Bh4 Bb7 13. 0-0 Nbd7 14. Rc1 g5 15. Bg3 Nh5 16. Qd3 Nxg3 17. Qg6+ Kh8 18. Qxh6+ Kg8 19. fxg3 Qe7 20. Rf5 1-0

[Event "Maceio Alagoano-ch 40th"]
[Site "Maceio"]
[Date "2014.08.24"]
[Round "3"]
[White "Felix Junior, Marcelo Jose"]
[Black "Da Fonseca, Petrus Fay Dias"]
[Result "1-0"]
[WhiteElo "1879"]
[BlackElo "1800"]
[PlyCount "49"]
[EventDate "2014.08.23"]
[EventType "swiss"]
[EventRounds "6"]
[EventCountry "BRA"]
[SourceTitle "EXT 2016"]
[Source "ChessBase"]
[SourceDate "2015.10.08"]
[SourceVersion "1"]
[SourceVersionDate "2015.10.08"]
[SourceQuality "1"]

1. e4 c5 2. d3 a6 3. Nf3 Nc6 4. g3 e5 5. Bg2 Be7 6. c3 Nf6 7. 0-0 0-0 8. h3 d6 9. Nh2 Qb6 10. Kh1 Rd8 11. Qe2 d5 12. Nd2 dxe4 13. dxe4 Be6 14. a4 Na5 15. Nhf3 Qc7 16. Re1 b5 17. axb5 axb5 18. Qxb5 Nc6 19. Rxa8 Rxa8 20. Ng5 Qd7 21. Nxe6 Qxe6 22. Nf3 h6 23. Kh2 Ne8 24. h4 Nd6 25. Qxc6 1-0

[Event "Maceio Alagoano-ch 40th"]
[Site "Maceio"]
[Date "2014.08.24"]
[Round "4"]
[White "Zaidan Lima, Allan Gadelha"]
[Black "Felix Junior, Marcelo Jose"]
[Result "1-0"]
[WhiteElo "2079"]
[BlackElo "1879"]
[PlyCount "68"]
[EventDate "2014.08.23"]
[EventType "swiss"]
[EventRounds "6"]
[EventCountry "BRA"]
[SourceTitle "EXT 2016"]
[Source "ChessBase"]
[SourceDate "2015.10.08"]
[SourceVersion "1"]
[SourceVersionDate "2015.10.08"]
[SourceQuality "1"]

1. e4 c5 2. Nf3 a6 3. c3 e6 4. d4 cxd4 5. cxd4 d5 6. e5 Ne7 7. Bd3 Nbc6 8. 0-0 Qb6 9. Nc3 Bd7 10. Na4 Qc7 11. Be3 Ng6 12. Rc1 Be7 13. Nc5 0-0 14. Ng5 Bxg5 15. Bxg5 f5 16. exf6 gxf6 17. Bh6 Kf7 18. Bxf8 Rxf8 19. Qh5 Kg7 20. Rfe1 e5 21. Bf5 Bxf5 22. Qxf5 Kf7 23. dxe5 Ncxe5 24. Nd3 Nc6 25. Qxd5+ Kg7 26. Nc5 Qf7 27. Qxf7+ Rxf7 28. Nxb7 Nce5 29. Nc5 a5 30. Ne6+ Kh6 31. Rc3 Ne7 32. f4 Ng4 33. h3 f5 34. hxg4 fxg4 1-0

[Event "Maceio Alagoano-ch 40th"]
[Site "Maceio"]
[Date "2014.08.23"]
[Round "2"]
[White "Azevedo de Carvalho, Antonio"]
[Black "Felix Junior, Marcelo Jose"]
[Result "1/2-1/2"]
[WhiteElo "2092"]
[BlackElo "1879"]
[PlyCount "78"]
[EventDate "2014.08.23"]
[EventType "swiss"]
[EventRounds "6"]
[EventCountry "BRA"]
[SourceTitle "EXT 2016"]
[Source "ChessBase"]
[SourceDate "2015.10.08"]
[SourceVersion "1"]
[SourceVersionDate "2015.10.08"]
[SourceQuality "1"]

1. e4 d6 2. d4 g6 3. Nf3 Bg7 4. Nc3 Nd7 5. Be3 e5 6. Bg5 Ngf6 7. Qd2 h6 8. Bh4 0-0 9. Be2 exd4 10. Bxf6 Nxf6 11. Nxd4 Re8 12. f3 d5 13. exd5 Nxd5 14. Nxd5 Qxd5 15. c3 a6 16. Kf2 c5 17. Nb3 Qxd2 18. Nxd2 Bf5 19. g4 Rad8 20. Nb3 Bd3 21. Bxd3 Rxd3 22. Rad1 Rde3 23. Rhe1 Rxe1 24. Rxe1 Rxe1 25. Kxe1 b6 26. Ke2 Kf8 27. Kd3 Ke7 28. Nd2 Be5 29. h3 f5 30. Nc4 Bc7 31. Ne3 Ke6 32. c4 Bd8 33. Nd5 Ke5 34. Ke3 g5 35. Kd3 b5 36. b3 b4 37. Ke3 Bf6 38. Nc7 a5 39. Nd5 Bd8 1/2-1/2

[Event "Maceio II IRT de Alagoas"]
[Site "Maceio"]
[Date "2010.10.29"]
[Round "7"]
[White "Felix Junior, Marcelo Jose"]
[Black "Miranda Neto, Jayme Amorim"]
[Result "1-0"]
[WhiteElo "1805"]
[BlackElo "2099"]
[PlyCount "103"]
[EventDate "2010.10.22"]
[EventType "tourn"]
[EventRounds "11"]
[EventCountry "BRA"]
[SourceTitle "EXT 2022"]
[Source "ChessBase"]
[SourceDate "2021.10.06"]
[SourceVersion "1"]
[SourceVersionDate "2021.10.06"]
[SourceQuality "1"]

1. e4 c5 2. Nf3 d6 3. d4 cxd4 4. Nxd4 Nf6 5. Nc3 a6 6. Be2 e5 7. Nf3 Be7 8. h3 0-0 9. Bg5 Be6 10. Qd2 Nbd7 11. 0-0 h6 12. Be3 b5 13. a3 Qc7 14. Nh2 Rfd8 15. f4 Bc4 16. Bd3 Bxd3 17. cxd3 Nc5 18. Rad1 Nb3 19. Qf2 Rd7 20. Nd5 Nxd5 21. exd5 Bf8 22. Rde1 Rc8 23. Re2 Qb7 24. Qf3 exf4 25. Qxf4 Qxd5 26. d4 Re7 27. Nf3 Rce8 28. Rfe1 Re4 29. Qg3 Qe6 30. Kf2 g6 31. Nd2 Nxd4 32. Nxe4 Nxe2 33. Rxe2 Qxe4 34. Qf3 d5 35. Qxe4 dxe4 36. Rc2 Bg7 37. Ke2 Be5 38. Bxh6 Kh7 39. Be3 f5 40. Bg5 Kg7 41. Rd2 Rc8 42. Kd1 Rc6 43. Rd7+ Kg8 44. Rd8+ Kf7 45. Rd7+ Ke6 46. Re7+ Kd5 47. Bc1 Kd4 48. Bd2 Bd6 49. Re6 Kd5 50. Rxg6 f4 51. h4 Rc7 52. Rxd6+ 1-0

[Event "Maceio"]
[Site "Maceio"]
[Date "2010.03.20"]
[Round "8"]
[White "Felix Junior, Marcelo Jose"]
[Black "Carvalho, Felipe Lobo C"]
[Result "1/2-1/2"]
[WhiteElo "1996"]
[BlackElo "2145"]
[PlyCount "97"]
[EventDate "2010.03.12"]
[EventType "tourn"]
[EventRounds "11"]
[EventCountry "BRA"]
[SourceTitle "EXT 2011"]
[Source "ChessBase"]
[SourceDate "2010.11.26"]
[SourceVersion "1"]
[SourceVersionDate "2010.11.26"]
[SourceQuality "1"]

1. d4 Nf6 2. c4 c5 3. e3 e6 4. Nf3 b6 5. b3 Bb7 6. Bb2 Be7 7. Nbd2 0-0 8. Bd3 d6 9. e4 cxd4 10. Nxd4 a6 11. Qe2 Qc7 12. Rd1 Re8 13. 0-0 Nbd7 14. f4 e5 15. Nf5 Bf8 16. Qf3 g6 17. Ng3 Bg7 18. f5 b5 19. Rc1 Qb6+ 20. Kh1 Rac8 21. Rfd1 Bh6 22. Rc2 Red8 23. h4 Qe3 24. Bc1 Qxf3 25. gxf3 Nc5 26. Be2 Bf4 27. Ndf1 Bxc1 28. Rcxc1 bxc4 29. Bxc4 d5 30. exd5 e4 31. fxe4 Ncxe4 32. Nxe4 Nxe4 33. fxg6 hxg6 34. Kh2 Kg7 35. Ne3 Rh8 36. Ng2 Rcd8 37. Rd4 f5 38. Rf1 Rd7 39. Kg1 Ng3 40. Re1 Ne4 41. Rf1 Ng3 42. Re1 Ne4 43. Rf1 Re7 44. Rf4 Nc3 45. a4 Ree8 46. Kf2 Ne4+ 47. Kg1 Nf6 48. Rd3 Kh6 49. Re3 1/2-1/2

[Event "Maceio"]
[Site "Maceio"]
[Date "2010.03.19"]
[Round "6"]
[White "Felix Junior, Marcelo Jose"]
[Black "De Lima, Carlos Alexandre"]
[Result "0-1"]
[WhiteElo "1996"]
[BlackElo "1996"]
[PlyCount "78"]
[EventDate "2010.03.12"]
[EventType "tourn"]
[EventRounds "11"]
[EventCountry "BRA"]
[SourceTitle "EXT 2011"]
[Source "ChessBase"]
[SourceDate "2010.11.26"]
[SourceVersion "1"]
[SourceVersionDate "2010.11.26"]
[SourceQuality "1"]

1. e4 c6 2. d4 d6 3. Nc3 Nf6 4. Bd3 e5 5. Nge2 Be7 6. h3 0-0 7. Be3 Nbd7 8. Qd2 Re8 9. g4 b5 10. Ng3 b4 11. Nce2 exd4 12. Nxd4 c5 13. Ndf5 Ne5 14. Be2 Bb7 15. Nxe7+ Rxe7 16. f3 Qc7 17. 0-0-0 Rd7 18. g5 Ne8 19. f4 Ng6 20. Bc4 d5 21. exd5 Nd6 22. Qd3 Rad8 23. Rh2 Ne7 24. h4 Nxc4 25. Qxc4 Nxd5 26. Bd2 Ne3 27. Qe2 Nxd1 28. Qxd1 Qxf4 29. Nf1 c4 30. c3 b3 31. a3 g6 32. Qe2 Qf5 33. Ne3 Qe4 34. Qe1 Rd3 35. Re2 a5 36. Nxc4 Rxd2 37. Rxe4 Rc2+ 38. Kb1 Bxe4 39. Ka1 Rh2 0-1

[Event "Maceio"]
[Site "Maceio"]
[Date "2010.03.18"]
[Round "11"]
[White "Azevedo Junior, Jose Ferreira"]
[Black "Felix Junior, Marcelo Jose"]
[Result "1/2-1/2"]
[WhiteElo "2086"]
[BlackElo "1996"]
[PlyCount "74"]
[EventDate "2010.03.12"]
[EventType "tourn"]
[EventRounds "11"]
[EventCountry "BRA"]
[SourceTitle "EXT 2011"]
[Source "ChessBase"]
[SourceDate "2010.11.26"]
[SourceVersion "1"]
[SourceVersionDate "2010.11.26"]
[SourceQuality "1"]

1. e4 g6 2. d4 Bg7 3. Nc3 c6 4. Be3 d6 5. h3 Nd7 6. g4 Qa5 7. a3 e6 8. Nge2 b5 9. Bg2 d5 10. 0-0 Ne7 11. Ng3 Qc7 12. f4 Nb6 13. e5 f5 14. Qf3 Bd7 15. b3 a5 16. Rfc1 0-0 17. g5 Rfb8 18. Nd1 Be8 19. Nb2 Bf8 20. Nd3 Nec8 21. Bf2 Nd7 22. Ne2 Ncb6 23. Kh2 a4 24. Nc5 Bf7 25. h4 axb3 26. cxb3 Nxc5 27. dxc5 Nd7 28. Bd4 Ra6 29. Qe3 Rba8 30. b4 h6 31. Bb2 Bg7 32. Rd1 Kh7 33. Kh3 Re8 34. Bf3 Rh8 35. Kg3 h5 36. Re1 Rha8 37. Rad1 Re8 1/2-1/2